| 000 | 00617nam a2200193 u 4500 | ||
|---|---|---|---|
| 005 | 20240314063636.0 | ||
| 008 | 080613s2007 ea r 000 0 spa d | ||
| 020 | _a140427250X | ||
| 035 | _aUPN01000156876 | ||
| 049 | _aI | ||
| 050 | 4 |
_aPZ7 _bR5.6 |
|
| 100 | 1 |
_aRichter, Abigail _942040 |
|
| 245 | 1 | 1 |
_a¿Qué es lo que ves en las nubes? / _cAbigail Richter ; tr. María Cristina Brusca. |
| 260 |
_aNew York : _bRosen Classroom Books & Materials, _c2007. |
||
| 300 |
_a16 p. : _bil. col. |
||
| 440 | 0 |
_aLecturas del barrio. _pNarrativa |
|
| 650 | 4 |
_aCuentos infantiles estadounidenses _910762 |
|
| 905 | _aInfantil | ||
| 999 |
_c128990 _d128990 |
||